Μαθήματα προγραμματισμού για πολιτικούς μηχανικούς : εισαγωγή στη γλώσσα προγραμματισμού Fortran
Αποθηκεύτηκε σε:
| Κύριος συγγραφέας: | |
|---|---|
| Άλλοι συγγραφείς: | |
| Μορφή: | Βιβλίο |
| Γλώσσα: | Greek German |
| Δημοσίευση: |
Αθήνα :
Γκιούρδας,
1988.
|
| Θέματα: | |
| Ετικέτες: |
Προσθήκη ετικέτας
Δεν υπάρχουν, Καταχωρήστε ετικέτα πρώτοι!
|
MARC
| LEADER | 00000cam a2200000 i 4500 | ||
|---|---|---|---|
| 001 | 1/37969 | ||
| 008 | 941213s1988 gr | ||| |||| ||gre|| | ||
| 035 | |a 1994 |c ΒΙΒΛΙΟΘΗΚΗ |l 10040650 | ||
| 040 | |a GR-MyUA |b gre |e AACR2 | ||
| 041 | 1 | |a gre |h ger | |
| 082 | 0 | |a 005.133 | |
| 100 | 1 | |a Wetzell, Otto. | |
| 245 | 1 | 0 | |a Μαθήματα προγραμματισμού για πολιτικούς μηχανικούς : |b εισαγωγή στη γλώσσα προγραμματισμού Fortran / |c Otto W. Wetzell ; απόδοση στα ελληνικά Χάρης Γαντές. |
| 260 | |a Αθήνα : |b Γκιούρδας, |c 1988. | ||
| 300 | |a 244 σ. ; |c 24 εκ. | ||
| 500 | |a Τίτλος πρωτοτύπου: Programmieren fur Bauingenieure. | ||
| 504 | |a Περιλαμβάνει ευρετήριο. | ||
| 650 | 0 | 0 | |a FORTRAN (Computer program language) |
| 700 | 1 | |a Γαντές, Χάρης, |e trl | |
| 740 | 0 | 2 | |a Εισαγωγή στη Γλώσσα Προγραμματισμού Fortran |
| 852 | |a INST |b SAMOS |e 19941213 |h 005.133 WET |p 005300002335 |q 005300002335 |t BK |y 0 | ||
| 909 | |a Σ |b 030041 | ||